| 000 | 00828nam a22001577a 4500 | ||
|---|---|---|---|
| 999 |
_c63453 _d63453 |
||
| 003 | Ge_BSU | ||
| 005 | 20251118144210.0 | ||
| 008 | 251013s1971 ge ||||| |||| 00| 0 geo d | ||
| 041 | _ageo | ||
| 080 | _a338(479.223) ა-97 | ||
| 245 |
_aაჭარის ასსრ სახალხო მეურნეობის ზოგიერთი დარგის გაადგილება - შეთანაწყობის საკითხები : _b[სტატიების კრებული] / _cბათუმის სამეცნ.-კვლევ. ინ-ტი. |
||
| 264 |
_aთბ. : _bმეცნიერება, _c1971. |
||
| 300 |
_a83 გვ. : _bილ. ; _c2სმ. |
||
| 653 | _aაჭარის სახალხო მეურნეობა | ||
| 942 |
_2udc _cᲬᲘᲒᲜᲘ |
||